Business organisation and management / (Record no. 26775)

MARC details
000 -LEADER
fixed length control field 00947nam a2200277 a 4500
005 - DATE AND TIME OF LATEST TRANSACTION
control field 2009052509189.0
008 - FIXED-LENGTH DATA ELEMENTS--GENERAL INFORMATION
fixed length control field 070816s2008 nyua b 001 0 eng
010 ## - LCCN (DPL NO)
LC control number ENG-93717
020 ## - INTERNATIONAL STANDARD BOOK NUMBER
International Standard Book Number 9788180547010
Terms of availability 265.00
020 ## - INTERNATIONAL STANDARD BOOK NUMBER
International Standard Book Number 8180547010
Terms of availability 265.00
035 ## - SYSTEM CONTROL NUMBER
System control number EN-77250
037 ## - SOURCE OF ACQUISITION
Source of stock number/acquisition DBAD / PUB
040 ## - CATALOGING SOURCE
Original cataloging agency dpl
Language of cataloging English
082 ## - DEWEY DECIMAL CLASSIFICATION NUMBER
Classification number 658
100 ## - MAIN ENTRY--PERSONAL NAME
Personal name Gupta, C.B.
245 ## - TITLE STATEMENT
Title Business organisation and management /
Statement of responsibility, etc by C.B. Gupta
250 ## - EDITION STATEMENT
Edition statement 13th ed.
260 ## - PUBLICATION, DISTRIBUTION, ETC. (IMPRINT)
Place of publication, distribution, etc New Delhi
Name of publisher, distributor, etc Sultan Chand & Sons
Date of publication, distribution, etc 2009
270 ## - ADDRESS
Address 23, Daryaganj,
City New Delhi
Postal code 110002
300 ## - PHYSICAL DESCRIPTION
Extent Various pagings
Dimensions 26cm(pbk)
500 ## - GENERAL NOTE
General note Includes bibliographical references and index
650 ## - SUBJECT ADDED ENTRY--TOPICAL TERM
Topical term or geographic name as entry element Business organization
650 ## - SUBJECT ADDED ENTRY--TOPICAL TERM
Topical term or geographic name as entry element Business management
942 ## - ADDED ENTRY ELEMENTS (KOHA)
Source of classification or shelving scheme Dewey Decimal Classification
Item type English Books
Call number suffix GUP
Classification part 658
Holdings
Withdrawn status Lost status Source of classification or shelving scheme Damaged status Not for loan Collection code Home library Current library Date acquired Source of acquisition Cost, normal purchase price Total Checkouts Full call number Barcode Date last seen Copy number Cost, replacement price Koha item type
    Dewey Decimal Classification   Not For Loan Non-fiction D.B.Act.Division D.B.Act.Division 25/05/2009 DBAD / PUB 265.00   658 GUP EN-77250 25/05/2009 1 265.00 English Books

© Delhi Public Library
Hit Counter
free hit counter